Duran Duran - Every UK Hit Single - Statistics

General Stats
  • This quiz has been taken 23 times
  • The average score is 11 of 40
Answer Stats
Artist Album Song Peak Chart Position Year of Hit % Correct
Duran Duran Rio Rio 9 1982
100%
Duran Duran Rio Hungry Like the Wolf 5 1982
94%
Duran Duran A View to a Kill A View to a Kill 2 1985
83%
Duran Duran Notorious Notorious 7 1986
83%
Duran Duran Duran Duran Girls on Film 5 1981
78%
Duran Duran Duran Duran Ordinary World 6 1993
72%
Duran Duran Seven and the Ragged Tiger The Reflex 1 1984
61%
Duran Duran Seven and the Ragged Tiger Union of the Snake 3 1983
61%
Duran Duran Rio Save a Prayer 2 1982
56%
Duran Duran Arena The Wild Boys 2 1984
50%
Duran Duran Duran Duran Planet Earth 12 1981
44%
Duran Duran Duran Duran Come Undone 13 1993
33%
Duran Duran - Is There Something I Should Know? 1 1983
33%
The Power Station The Power Station Some Like It Hot 14 1985
33%
Arcadia So Red the Rose Election Day 7 1985
28%
Duran Duran Seven and the Ragged Tiger New Moon on Monday 9 1984
28%
Duran Duran Notorious Skin Trade 22 1987
28%
The Power Station The Power Station Get It On 22 1985
17%
Duran Duran Rio My Own Way 14 1981
17%
Duran Duran Big Thing All She Wants Is 9 1988
11%
Duran Duran Duran Duran Careless Memories 37 1981
11%
Duran Duran Medazzaland Electric Barbarella 23 1997
11%
Duran Duran Big Thing I Don't Want Your Love 14 1988
11%
Duran Duran Thank You Perfect Day 28 1995
11%
Duran Duran Astronaut (Reach Up for The) Sunrise 5 2004
11%
Duran Duran Big Thing Do You Believe in Shame? 30 1989
6%
Duran Duran Notorious Meet El Presidente 24 1987
6%
Duran Duran Liberty Serious 48 1990
6%
Arcadia So Red the Rose The Promise 37 1986
6%
Duran Duran Liberty Violence of Summer (Love's Taking Over) 20 1990
6%
Duran Duran Thank You White Lines (Don't Do It) 17 1995
6%
Duran Duran Decade Burning the Ground 31 1989
0%
The Power Station The Power Station Communication 75 1985
0%
Duran Duran Red Carpet Massacre Falling Down 52 2007
0%
Duran Duran Medazzaland Out of My Mind 21 1997
0%
The Power Station Living in Fear She Can Rock It 63 1996
0%
Duran Duran Pop Trash Someone Else Not Me 53 2000
0%
Arcadia So Red the Rose The Flame 58 1986
0%
Duran Duran Duran Duran Too Much Information 35 1993
0%
Duran Duran Astronaut What Happens Tomorrow 11 2005
0%
No matching quizzes found
Score Distribution
Percent of People with Each Score
Percentile by Number Answered
Your Score History
You have not taken this quiz